Young folks' Indiana; (Record no. 52145)
[ view plain ]
| 000 -LEADER | |
|---|---|
| fixed length control field | 00783cam a22002531 4500 |
| 001 - CONTROL NUMBER | |
| control field | rc 01001629 |
| 003 - CONTROL NUMBER IDENTIFIER | |
| control field | DLC |
| 005 - DATE AND TIME OF LATEST TRANSACTION | |
| control field | 20260227111904.0 |
| 007 - PHYSICAL DESCRIPTION FIXED FIELD--GENERAL INFORMATION | |
| fixed length control field | cr_||||||||||| |
| 008 - FIXED-LENGTH DATA ELEMENTS--GENERAL INFORMATION | |
| fixed length control field | 780616s1898 ilua j 000 0 eng |
| 010 ## - LIBRARY OF CONGRESS CONTROL NUMBER | |
| LC control number | rc 01001629 |
| 035 ## - SYSTEM CONTROL NUMBER | |
| System control number | (OCoLC)3981874 |
| 040 ## - CATALOGING SOURCE | |
| Original cataloging agency | DLC |
| Transcribing agency | InTI |
| Modifying agency | InTI |
| -- | DLC |
| 042 ## - AUTHENTICATION CODE | |
| Authentication code | premarc |
| 043 ## - GEOGRAPHIC AREA CODE | |
| Geographic area code | n-us-in |
| 050 00 - LIBRARY OF CONGRESS CALL NUMBER | |
| Classification number | F526 |
| Item number | .G54 |
| 100 1# - MAIN ENTRY--PERSONAL NAME | |
| Personal name | Glascock, Will H. |
| 245 10 - TITLE STATEMENT | |
| Title | Young folks' Indiana; |
| Remainder of title | a story of triumphant progress, |
| Statement of responsibility, etc. | by Will H. Glascock. |
| 260 ## - PUBLICATION, DISTRIBUTION, ETC. | |
| Place of publication, distribution, etc. | Chicago, |
| Name of publisher, distributor, etc. | Scott, Foresman and Company, |
| Date of publication, distribution, etc. | 1898. |
| 300 ## - PHYSICAL DESCRIPTION | |
| Extent | 210 p. |
| Other physical details | illus. |
| Dimensions | 18 cm. |
| 530 ## - ADDITIONAL PHYSICAL FORM AVAILABLE NOTE | |
| Additional physical form available note | Also available in digital form on the Internet Archive Web site. |
| 651 #0 - SUBJECT ADDED ENTRY--GEOGRAPHIC NAME | |
| Geographic name | Indiana |
| General subdivision | History. |
| 856 41 - ELECTRONIC LOCATION AND ACCESS | |
| Uniform Resource Identifier | <a href="http://hdl.loc.gov/loc.gdc/scd0001.00147516848">http://hdl.loc.gov/loc.gdc/scd0001.00147516848</a> |
No items available.